000 01201nam a2200289Ia 4500
008 130821s2008 ck gr spa
020 _a9789588378534
040 _aCo-BoUCM
_bspa
041 0 0 _aspa
245 0 0 _aVías y escenarios de la transformación laboral aproximaciones teóricas y nuevos problemas
_cCarmen Marina López Pino...[et al.]
260 _aBogotá (Colombia)
_bEditorial Universidad del Rosario
_c2008
300 _a422 páginas
490 _aColección de Textos de Ciencias Humanas
504 _aIncluye bibliografía
504 _aIncluye bibliografía
650 0 4 _aEconomía del trabajo
_926481
650 0 4 _aSindicalismo
_xHistoria
_zAmérica Latina
_924443
650 0 4 _aTrabajo
_vAspectos sociales
_925581
650 0 4 _aTrabajo
_xHistoria
_925581
650 0 4 _aTrabajo
_xLegislación
_zAmérica Latina
_925581
700 1 _aLópez Pino, Carmen Marina
_995198
700 1 _aLópez Rodríguez, Luis Guillermo
_9136242
700 1 _aPineda Duque, Javier Armando
_9102986
710 1 _aUniversidad Colegio Mayor de Nuestra Señora del Rosario.
_bEscuela de Ciencias Humanas
_928886
942 _cLIBRO
_2DEWEY
_a7
_e1
_h331.8
_mV622
999 _c59216
_d59216